[Event "Balears-ch Seniors 50"]
[Site "Palma de Mallorca"]
[Date "2017.09.03"]
[Round "4"]
[White "Carretero Orfila, Juan Jose"]
[Black "Rodriguez Sanchez, Rafael"]
[Result "0-1"]
[WhiteElo "1639"]
[BlackElo "1846"]
[PlyCount "76"]
[EventDate "2017.09.01"]
[EventType "swiss"]
[EventRounds "5"]
[EventCountry "ESP"]
[SourceTitle "CBM 180 Extra"]
[Source "ChessBase"]
[SourceDate "2017.10.06"]
[SourceVersion "1"]
[SourceVersionDate "2017.10.06"]
[SourceQuality "1"]

1. b3 Nf6 2. Bb2 e6 3. e3 Be7 4. f4 0-0 5. Nf3 Ne4 6. g3 Bf6 7. d4 c5 8. Bd3 d5 9. Nbd2 Nxd2 10. Qxd2 b6 11. 0-0-0 Ba6 12. h4 c4 13. Bf1 Nc6 14. Ba3 Be7 15. b4 Bb5 16. c3 a5 17. Qc2 axb4 18. Bxb4 Nxb4 19. cxb4 Bxb4 20. Ng5 g6 21. h5 Kg7 22. hxg6 hxg6 23. Rh7+ Kf6 24. Qh2 Ke7 25. Qh3 Qd6 26. Nxf7 Rxf7 27. Rxf7+ Kxf7 28. Qh7+ Kf6 29. Qh4+ Kg7 30. Bxc4 Rh8 31. Qxh8+ Kxh8 32. Bxb5 Qc7+ 33. Kb1 Qc3 34. Rc1 Qxe3 35. Rc8+ Kg7 36. Rc7+ Kh6 37. Rc8 Qxd4 38. Rc6 Bc3 0-1